Регионална библиотека "Любен Каравелов" - Русе

Шампион по запаметяване (Запис номер 77955)

MARC детайли
000 -Лидер
Контролно поле с фиксирана дължина 01253nam a2200337 c 4500
003 - Код на организацията, давaща контролен номер
Контролно поле BLK
005 - Дата и час на последна редакция
Контролно поле 20240628115954.0
008 - Елементи от данни с фиксирана дължина
fixed length control field 180408b bul|||||r ||||||| ||bul||
010 ## - Наследен системен номер
LC control number KNG00082420000
020 ## - Международен стандартен номер на книга ISBN
Международен стандартен номер на книга ISBN 978-954-607-728-8
-- издат.: ЛИК
040 ## - Източник на каталожния запис
Идентификатор на билиотеката - собственик на записа BLK
041 ## - Код за език
Код за езика на текст/звукозапис или на отделно заглавие Български
Код за езика КДБФ Български
080 ## - УДК
Текстов определител УДК
УДК код - определител по УДК 159.953/.955
УДК определител (02.062)
УДК - код + определител 159.953/.955(02.062)
100 1# - Редна дума - Автор
Автор Щенгер, Кристиане
Авторска отговорност първи автор
R(LIN) 144514
139 ## - Редно поле
Редна дума Щенгер, Кристиане
Авторски знак Щел - Щ 35
245 10 - Сведения за заглавието
Заглавие Шампион по запаметяване
Редно поле (дума) Кристиане Щенгер; прев. от нем. Красимира Петкова.
257 ## - Страна на издаване
Страна на създаване/издаване Германия
260 ## - Област на издателските данни
-- София
Име на издателя, разпространителя и проч. ЛИК
Година на издаване 2006
300 ## - Физическа характеристика
Страници 251 с.
Размери/Мащаб 20 см
380 ## - Жанр
Жанр Философия
500 ## - Общи забележки
Забележка Ориг. загл. Warum Fallt das Schaf vam Baum? / Christiane Stenger. - Офс. изд.
650 #4 - Допълнително описание по предмет – тема
Основно описание – тема или топоним Памет - усъвършенстване
9 (RLIN) 254538
653 ## - Ключова дума – ненормативна
Ключова дума памет
700 1# - Други автори (авторска отговорност)
Лично име Петкова, Красимира
Автороска отговорност (Описва отношението между автора и произведението) прев. от нем.
9 (RLIN) 372058
852 ## - Местоположение
Форматна сигнатура Цб 239064
856 4# - Електронен адрес и достъп
Електронен формат pdf - файл
Път до файла /url/
856 4# - Електронен адрес и достъп
Електронен формат pdf - файл
Път до файла /url/
942 ## - АРТИКУЛИ
Вид на библиотечния материал Книги
Скрит в OPAC Не
Koha issues (borrowed), all copies 5
944 ## - СЪЗДАВАНЕ И РЕДАКЦИЯ на ЗАПИСА
Създаване/Редакция Създаване
Дата на регистрацията/редакция 18.03.2008
Статус, дата на статуса Силвия Димитрова
Служител, извършил регистрацията/редакцията 30538
944 ## - СЪЗДАВАНЕ И РЕДАКЦИЯ на ЗАПИСА
Създаване/Редакция Редакция
Дата на регистрацията/редакция 09.04.2014
Статус, дата на статуса ф /
Служител, извършил регистрацията/редакцията
999 ## - СИСТЕМНИ КОНТРОЛНИ НОМЕРА
Koha biblionumber 77955
Koha biblioitemnumber 77955
Наличности
Код за отписване Код за изгубен артикул Код за повреда Коз за рестрикции Код за отдаване Артикулен № Име на библиотеката - собственик Име на библиотеката, в която се намира в момента Статус (Текущо местоположение) Дата на вписване в системата Местоположение - отдел Цена в лева Инвентарен номер Систематично азбучна сигнатура Баркод Номер на екземпляра Цена в евро Служебна бележка Служебен тип на артикула Източник на класификационната схема
  Не е изгубен Не е повреден без рестрикции ползва се в читалня 126255 Регионална библиотека "Любен Каравелов" Русе Регионална библиотека "Любен Каравелов" Русе Хранилище 2008-03-18 Хранилище 11.00 120000724622 Цб 239064 120000724622 1 5.62 Дост: Dp Вид: Д N: 4 Дата: 19.12.2007 Книги  
  Не е изгубен Не е повреден без рестрикции заемане за дома 126256 Регионална библиотека "Любен Каравелов" Русе Регионална библиотека "Любен Каравелов" Русе Заемна - подръчен фонд 2014-02-07 Заемна - подръчен фонд 11.00 120000774227 159.95/Щ 35 К 120000774227 2 5.62 Дост: DA Вид: А N: 3 Дата: 07.02.2014 Дата инв: 01.02.2018 Бележки инв: П2018 Книги Universal Decimal Classification
Vip Innovations Ltd, Rousse, Bulgaria 2025